Manual de procesos y procedimientos para el área de Costos del Instituto Colombiano para la Evaluación de la Educación Superior (ICFES) / (Registro nro. 136196)

Detalles MARC
000 -CABECERA
campo de control de longitud fija 01318nam a2200265Ia 4500
001 - NÚMERO DE CONTROL
campo de control 136196
003 - IDENTIFICADOR DEL NÚMERO DE CONTROL
campo de control 228177
005 - FECHA Y HORA DE LA ÚLTIMA TRANSACCIÓN
campo de control 20241203064955.0
008 - DATOS DE LONGITUD FIJA--INFORMACIÓN GENERAL
campo de control de longitud fija ||||||s2013 ck gsm ||| ||spa||
040 ## - FUENTE DE LA CATALOGACIÓN
Centro catalogador/agencia de origen CO-BoESAP
Lengua de catalogación spa
Centro/agencia transcriptor CO-BoESAP
090 ## - LOCALMENTE ASIGNADO TIPO-LC NÚMERO DE CLASIFICACIÓN (OCLC); NÚMERO DE CLASIFICACIÓN LOCAL (RLIN)
Número de clasificación (OCLC) (R) ; Numero de clasificación, CALL (RLIN) (NR) BOG157 2013
100 1# - ENTRADA PRINCIPAL--NOMBRE DE PERSONA
Nombre de persona Vizcaino Bejarano, Jesús Augusto
9 (RLIN) 165908
245 10 - MENCIÓN DE TÍTULO
Título Manual de procesos y procedimientos para el área de Costos del Instituto Colombiano para la Evaluación de la Educación Superior (ICFES) /
Mención de responsabilidad, etc. Jesús Augusto Vizcaino Bejarano ; director de tesis Juan Sergio Cruz Merchán.
260 ## - PUBLICACIÓN, DISTRIBUCIÓN, ETC.
Lugar de publicación, distribución, etc. Bogotá :
Nombre del editor, distribuidor, etc. Escuela Superior de Administración Pública,
Fecha de publicación, distribución, etc. 2013.
300 ## - DESCRIPCIÓN FÍSICA
Extensión 1 CD-ROM :
504 ## - NOTA DE BIBLIOGRAFÍA, ETC.
Nota de bibliografía, etc. Bibliografía: p. 30.
562 ## - NOTA DE IDENTIFICACIÓN DE LA COPIA Y VERSIÓN
Número de copias 1
610 #0 - PUNTO DE ACCESO ADICIONAL DE MATERIA--NOMBRE DE ENTIDAD CORPORATIVA
Nombre de entidad corporativa o nombre de jurisdicción como elemento de entrada Escuela Superior de Administración Pública (Bogotá)
Subdivisión de forma TESIS Y DISERTACIONES ACADÉMICAS
9 (RLIN) 218587
650 10 - PUNTO DE ACCESO ADICIONAL DE MATERIA--TÉRMINO DE MATERIA
Término de materia o nombre geográfico como elemento de entrada Administradores Públicos (Bogotá)
9 (RLIN) 135945
650 ## - PUNTO DE ACCESO ADICIONAL DE MATERIA--TÉRMINO DE MATERIA
Término de materia o nombre geográfico como elemento de entrada INSTITUTO COLOMBIANO PARA LA EVALUACION DE LA EDUCACION (BOGOTA). AREA DE COSTOS--MANUAL DE PROCEDIMIENTOS
9 (RLIN) 165909
650 ## - PUNTO DE ACCESO ADICIONAL DE MATERIA--TÉRMINO DE MATERIA
Término de materia o nombre geográfico como elemento de entrada INSTITUTO COLOMBIANO PARA LA EVALUACION DE LA EDUCACION (BOGOTA). AREA DE COSTOS--OBJETIVOS Y FUNCIONES
9 (RLIN) 165910
650 ## - PUNTO DE ACCESO ADICIONAL DE MATERIA--TÉRMINO DE MATERIA
Término de materia o nombre geográfico como elemento de entrada MEDICIONES Y PRUEBAS EDUCATIVAS--COLOMBIA--MANUALES
9 (RLIN) 165911
700 1# - PUNTO DE ACCESO ADICIONAL--NOMBRE DE PERSONA
9 (RLIN) 179712
Nombre de persona Cruz Merchán, Juan Sergio
Término indicativo de función/relación director de tesis
942 ## - ELEMENTOS DE PUNTO DE ACCESO ADICIONAL (KOHA)
Tipo de ítem Koha Tesis
Fuente del sistema de clasificación o colocación Dewey Decimal Classification
Existencias
Estado de retiro Estado de pérdida Fuente del sistema de clasificación o colocación Estado dañado No para préstamo Código de colección Localización permanente Ubicación/localización actual Fecha de adquisición Coste, precio normal de compra Signatura topográfica completa Código de barras Número de copia Tipo de ítem Koha
    Dewey Decimal Classification     Trabajos de Grado Bogotá - Sede Central Bogotá - Sede Central 25/01/2022 0.00 BOG010 2013 125911 1 Tesis